000 00819cam a2200229 4500
001 ABS62781
008 000000n2000 000 0 eng u
035 _a(Sirsi) u108163
100 _aEdwards, M.
245 _aPlanning for change
260 _c2000
490 _aEstates Gazette
_v(0033) 19 August 2000, 72(1)
520 _aLooks at recent changes to planning and development practice and considers their impact. Covers new procedural rules on planning appeals, third party rights of appeal and food retailers consideration of local communities needs.
590 _aABS
650 _aPLANNING APPEALS
650 _aTHIRD PARTY RIGHT OF APPEAL
650 _aFOOD RETAILERS
650 _aPLANNING PERMISSION
650 _aPLANNING INSPECTORATE
690 _aPlanning and development
_96259
942 _n0
999 _c64604
_d64604